000 00619nam a2200229 i 4500
001 C2-0131845
003 PPAK
005 20180727122614.0
008 971018s1990 njua|||| ||||| | eng d
020 _a0809464802
040 _aPPAK
_beng
_cPPAK
_erda
082 0 4 _a573.2
_223
090 0 0 _a573.2
_bHUM
_dR
245 0 4 _aThe human down :
_bTime Frame
264 1 _aNew Jersey :
_bTime Life Books ,
_c1990
300 _a176 pages :
_bcolour illustrations ;
_c28 cm
336 _2rdacontent
_atext
337 _2rdamedia
_aunmediated
338 _2rdacarrier
_avolume
650 1 0 _aHuman evolution
942 _ddc
_cB
999 _c41041
_d41041